|
|
|
|
| LEADER |
00000 a a2200000 04500 |
| 001 |
28532 |
| 003 |
cru IIS/CIDCACS |
| 005 |
20230525104858.0 |
| 008 |
230525s2003 sp ||||| |||| 00| 0 spa d |
| 020 |
|
|
|a 84-7738-449-5
|
| 040 |
|
|
|a Centro de Recursos para el Aprendizaje y la Investigación
|b español
|c cru IIS/CIDCACS
|
| 090 |
|
|
|a 18.03.01 V185t
|
| 100 |
|
|
|a Valles, Miguel S
|
| 245 |
|
|
|a Técnicas cualitativas de investigación:
|b reflexión metodológica y práctica profesional /
|c Miguel S. Valles
|
| 260 |
|
|
|a Madrid:
|b Síntesis;
|c 2003.
|
| 300 |
|
|
|a 428 páginas
|b **no definido**
|
| 650 |
|
|
|a INVESTIGACION SOCIAL
|
| 650 |
|
|
|a METODOLOGIA
|
| 650 |
|
|
|a METODOS DE INVESTIGACION
|
| 650 |
|
|
|a INVESTIGACION PARTICIPATIVA
|
| 650 |
|
|
|a RESULTADOS DE INVESTIGACION
|
| 650 |
|
|
|a DISEÑO DE PROYECTOS
|
| 650 |
|
|
|a PROYECTOS DE INVESTIGACION
|
| 650 |
|
|
|a ANALISIS DE LA INFORMACION
|
| 650 |
|
|
|a INVESTIGACION PARTICIPATIVA
|
| 650 |
|
|
|a OBSERVACION
|
| 650 |
|
|
|a INVESTIGACION DE
|
| 852 |
1 |
1 |
|a 18.03.01 V185t
|
| 942 |
|
|
|2 ddc
|c LI
|h 18.03.01 V185t
|k 18.03.01
|m V185t
|6 180301_V185T
|
| 999 |
|
|
|c 1314
|d 1314
|